LIBRARY & INFORMATION CENTRE, KCAET, TAVANUR

ONLINE PUBLIC ACCESS CATALOGUE (OPAC)

Chinna pathra / (Record no. 8047)

MARC details
000 -LEADER
fixed length control field 00436cam a2200181ua 4500
041 ## - LANGUAGE CODE
Language code of text/sound track or separate title hin
082 ## - DEWEY DECIMAL CLASSIFICATION NUMBER
Classification number 891.54
Item number RAV/CH
100 ## - MAIN ENTRY--AUTHOR NAME
Personal name Tagore, Ravindra Nath.
245 ## - TITLE STATEMENT
Title Chinna pathra /
250 ## - EDITION STATEMENT
Edition statement 3 /
260 ## - PUBLICATION, DISTRIBUTION, ETC. (IMPRINT)
Place of publication Banaras :
Name of publisher Chaudhary and Sons ,
Year of publication 1962.
300 ## - PHYSICAL DESCRIPTION
Number of Pages 229 ; .
942 ## - ADDED ENTRY ELEMENTS (KOHA)
Koha item type Books
Holdings
Withdrawn status Lost status Damaged status Home library Current library Date acquired Full call number Accession Number Koha item type
Withdrawn     KAUAET Sanskrit University 07/04/2012 891.54 2818 Books
free website counter